000 00646nam a22002177a 4500
003 UA-OsUOA
001 40076
007 ta
008 20060711b un ||||| |||| 00| 0 ukr d
100 _aНевмежицька О.В.
090 _a330
_bН40
942 _cSA
040 _aUA-OsUOA
_bukr
_cUA-OsUOA
_dUA-OsUOA
245 _aОсобливості процедури ліквідації (банкрутства) банків
300 _aС.16-20
955 _a0
041 _aukr
080 _a330
773 0 _w40075
_tЕкономіка. Фінанси. Право.
_dК.
_d2006
_g6
650 7 _a330 Економіка взагалі
_2UDC
999 _c326217
_d326217